| 000 | 00742nam a2200241Ia 4500 | ||
|---|---|---|---|
| 003 | OSt | ||
| 005 | 20221005031140.0 | ||
| 006 | a|||||r|||| 00| 0 | ||
| 007 | ta | ||
| 008 | 221004b |||||||| |||| 00| 0 eng d | ||
| 024 | _a98435 | ||
| 037 | _cTextual | ||
| 040 |
_aCRL _cCRL _beng |
||
| 041 |
_2eng _aeng |
||
| 082 | _aO111:gM9, K6 | ||
| 100 | _aBuckley Jerome Hamilton | ||
| 245 | 0 |
_aTriujmph of time _b Study of the victorian concepts of time, history, progress, and decadence |
|
| 260 |
_aCambridge _bThe Belknap Press of Harvard University Press UK _c1966 |
||
| 300 |
_axi, 187p. _ccm. |
||
| 650 | _aENGLISH LITERATURE | ||
| 942 |
_hO111:gM9, K6 _cTEXL _2cc |
||
| 999 |
_c937309 _d937309 |
||